Bioregional assessments : (Registro nro. 2549)
[ vista simple ]
| 000 -CABECERA | |
|---|---|
| Campo de control | 01049cam a2200277 a 4500 |
| 005 - FECHA Y HORA DE LA ULTIMA TRANSACCION | |
| Campo de control | 20160526153653.0 |
| 008 - ELEMENTOS DE LONGITUD FIJA—INFORMACION GENERAL | |
| Campo de control | 980821s1999 dcua b 001 0 eng |
| 020 ## - ISBN | |
| ISBN | 1559636572 (cloth) |
| 020 ## - ISBN | |
| ISBN | 1559636580 (pbk.) |
| 040 ## - FUENTE DE CATALOGACIÓN | |
| Agencia catalogadora original | DLC |
| Agencia transcriptora | DLC |
| Agencia Modificadora | DLC |
| -- | CO-BoIAVH |
| 041 ## - IDIOMA | |
| Código de idioma para texto/pista de sonido o título separado | Español |
| 044 ## - PAÍS DE PUBLICACIÓN | |
| País de publicación | Colombia |
| 082 00 - NUMERO DE CLASIFICACION DECIMAL DEWEY | |
| Número de clasificación | 363.7 |
| Número del ítem | B61a |
| 245 00 - MENCION DE TITULO | |
| Título | Bioregional assessments : |
| Parte restante del título | science at the crossroads of management and policy / |
| Mención de responsabilidad | editado por K. Norman Johnson ... [y otros 3] |
| 260 ## - PUBLICACION, DISTRIBUCION, ETC. (PIE DE IMPRENTA) | |
| Lugar de publicación, distribución, etc. | Washington, D.C. : |
| Nombre del editor, distribuidor, etc. | Island Press, |
| Fecha de publicación, distribución, etc. | c1999. |
| 300 ## - DESCRIPCION FISICA | |
| Extensión | xiii, 398 páginas : |
| Otros detalles físicos | ilustraciones ; |
| Dimensiones | 24 x 15 cm. |
| 500 ## - NOTA GENERAL | |
| Nota general | Incluye índice. |
| 504 ## - NOTA DE BIBLIOGRAFIA, ETC. | |
| Nota de bibliografía | Incluye referencias bibliográficas. |
| 650 16 - ASIENTO SECUNDARIO DE MATERIA - TERMINO TEMATICO | |
| Término temático o nombre geográfico como elemento de entrada | Gestión ambiental |
| Subdivisión geográfica | Estados Unidos |
| Subdivisión general | Estudios de caso. |
| 9 (RLIN) | 70967 |
| 650 26 - ASIENTO SECUNDARIO DE MATERIA - TERMINO TEMATICO | |
| Término temático o nombre geográfico como elemento de entrada | Política ambiental |
| Subdivisión geográfica | Estados Unidos |
| Subdivisión general | Estudios de caso. |
| 9 (RLIN) | 70968 |
| 700 1# - ASIENTO SECUNDARIO - NOMBRE PERSONAL | |
| Nombre personal | Johnson, K. Norman. |
| Término de relación | editor |
| 9 (RLIN) | 70969 |
| 700 1# - ASIENTO SECUNDARIO - NOMBRE PERSONAL | |
| Nombre personal | Swanson, Frederick J. |
| Término de relación | editor |
| 9 (RLIN) | 16465 |
| 700 1# - ASIENTO SECUNDARIO - NOMBRE PERSONAL | |
| Nombre personal | Henring, Margaret |
| Término de relación | editora |
| 9 (RLIN) | 70970 |
| 700 1# - ASIENTO SECUNDARIO - NOMBRE PERSONAL | |
| Nombre personal | Greene, Sarah |
| Término de relación | editora |
| 9 (RLIN) | 16467 |
| 942 ## - ELEMENTOS ADICIONALES (KOHA) | |
| Sistema de clasificación | Dewey Decimal Classification |
| Tipo de ítem | Libro |
| Withdrawn status | Lost status | Sistema de Clasificación | Damaged status | No para préstamo | Colección | Inventariado | Ubicación Permanente | Ubicación actual | Fecha de adquisición | Fuente de Valor | Valor | Total Checkouts | Número topográfico | Inventario / Código de Barras | Date last seen | Ejemplar | Price effective from | Forma de adquisición | Tipo de material |
|---|---|---|---|---|---|---|---|---|---|---|---|---|---|---|---|---|---|---|---|
| Dewey Decimal Classification | General | Inventariado 2017 | Sala Fabio Quevedo | Sala Fabio Quevedo | 12/02/2002 | Instituto | 39000.00 | LB-363.7 B61a | 003144 | 04/12/2012 | Ej. 1 | 04/12/2012 | Donación | Libro |